Hermenéutica, interpretación, literatura
Guardat en:
| Autor principal: | |
|---|---|
| Format: | Llibre |
| Idioma: | espanyol |
| Publicat: |
Barcelona
Anthropos
2007
|
| Edició: | 1a. ed |
| Col·lecció: | Autores, Textos y Temas Filosofía, 66
|
| Matèries: | |
| Etiquetes: |
Afegir etiqueta
Sense etiquetes, Sigues el primer a etiquetar aquest registre!
|
MARC
| LEADER | 00000nam a2200000 a 4500 | ||
|---|---|---|---|
| 001 | UCI9344 | ||
| 003 | CL-VaPUC | ||
| 008 | 081113e20070000SP |||||||||||||||||spa|d | ||
| 020 | |a 9788476588390 | ||
| 082 | 0 | 4 | |a 121.686 |b ROM |2 21 |
| 100 | 0 | |a Romo Feito, Fernando |e author |9 533028 | |
| 245 | 1 | 0 | |a Hermenéutica, interpretación, literatura |
| 250 | |a 1a. ed | ||
| 300 | |a 252 p | ||
| 942 | |c BK | ||
| 945 | |d 20081113 00:00:00 |a rbrito | ||
| 260 | |a Barcelona |b Anthropos |c 2007 | ||
| 650 | 0 | |a Hermenéutica |9 269473 | |
| 650 | 0 | |a Análisis de contenido |9 318914 | |
| 650 | 0 | |a Interpretación |9 258846 | |
| 650 | 0 | |a Literatura |9 259151 | |
| 650 | 0 | |a Estética |9 264950 | |
| 583 | |a last modification |c 20081113 00:00:00 |k Rodrigo Vera | ||
| 490 | 0 | |a Autores, Textos y Temas Filosofía, 66 | |
| 999 | |c 331903 |d 331901 | ||
| 952 | |0 0 |1 0 |4 0 |6 121_686000000000000_ROM_2007 |7 0 |8 A |9 419117 |a FDOPOS |b FDOPOS |d 2019-11-22 |i 4495772 |o 121.686 ROM 2007 |p 4495772 |r 2025-01-22 |w 2019-11-22 |y BK |k DLH | ||